European Countries From Biggest To Smallest - Statistics

General Stats
  • This quiz has been taken 1,031 times
    980 since last reset
  • The average score is 21 of 45
Answer Stats
Rank Answer % Correct
1st Russia
100%
2nd Ukraine
94%
3rd France
93%
4th Spain
89%
6th Germany
85%
5th Sweden
85%
8th Norway
81%
7th Finland
80%
9th Poland
78%
10th Italy
76%
11th United Kingdom
72%
12th Romania
70%
13th Belarus
66%
14th Greece
60%
15th Bulgaria
57%
45th Vatican City
52%
44th Monaco
50%
43rd San Marino
49%
40th Andorra
44%
16th Iceland
44%
42nd Liechtenstein
44%
17th Hungary
43%
41st Malta
43%
18th Portugal
42%
39th Luxembourg
41%
19th Austria
40%
38th Kosovo
34%
37th Montenegro
31%
21st Serbia
31%
20th Czech Republic
29%
22nd Ireland
27%
36th Slovenia
26%
26th Bosnia and Herzegovina
22%
24th Latvia
22%
23rd Lithuania
22%
33rd Belgium
21%
25th Croatia
21%
35th Macedonia
21%
30th Netherlands
21%
34th Albania
19%
28th Estonia
19%
27th Slovakia
19%
31st Switzerland
19%
29th Denmark
18%
32nd Moldova
17%
No matching quizzes found
Score Distribution
Percent of People with Each Score
Percentile by Number Answered
Your Score History
You have not taken this quiz since the last reset